000 00599nam a2200169 i 4500
001 163497
003 ES-MaACL
005 20230906212742.0
008 050713s1873 fr | |||||||| ||fre d
040 _aCAM
_bspa
_cCAM
100 1 _aRichelot, L.-Gustave.
_9131796
245 1 0 _aDe la péritonite herniaire et de ses rapports avec l'étranglement /
_cpar L.-Gustave Richelot.
260 _aParis :
_bLibrairie J.-B. Baillière et fils,
_c1873 (
_fA. Parent)
300 _a87 p. ;
_c21 cm.
650 4 _aHernias.
_9136219
852 _aES-MaACL
_jT-634-F-5
_z-- Enc. hol.
_z-- Enc. en un vol. facticio
999 _c163497
_d163497